|
|
|
|
| LEADER |
00000nam0a2200000 4500 |
| 001 |
137277 |
| 005 |
20231031141015.0 |
| 010 |
|
|
|a 9785922108829
|
| 035 |
|
|
|a (RuTPU)RU\TPU\book\148771
|
| 090 |
|
|
|a 137277
|
| 100 |
|
|
|a 20080507d2008 km y0rusy50 ca
|
| 101 |
0 |
|
|a rus
|
| 102 |
|
|
|a RU
|
| 105 |
|
|
|a a z 001zy
|
| 200 |
1 |
|
|a Экспериментальные профили ударных волн в конденсированных веществах
|f Г. И. Канель [и др.]
|
| 210 |
|
|
|a Москва
|c Физматлит
|d 2008
|
| 215 |
|
|
|a 248 с.
|c ил.
|
| 320 |
|
|
|a Библиогр. в конце гл.
|
| 330 |
|
|
|a В книге представлены волновые профили для широкого круга материалов, полученные авторами за последние 30 лет: для технических металлов и сплавов, чистых металлов в монокристаллическом и поликристаллическом состояниях, стекол и высокотвердых монокристаллов, полимеров и эластомеров, керамических материалов и жидкостей. Волновые профили получены при различных давлениях ударного сжатия, длительностях импульсов нагрузки и температурах испытаний. Представленные волновые профили могут использоваться при тестировании различных моделей поведения материалов для прогнозирования воздействий взрыва, высокоскоростных соударений, высокоэнергетического лазерного излучения и корпускулярного воздействия на вещество. Волновые профили могут также использоваться в качестве исходных экспериментальных данных для разработки новых и развития существующих физических моделей высокоскоростного деформирования, разрушения и других процессов при ударно-волновом нагружении. Для научных и инженерно-технических работников, а также аспирантов и студентов ВУЗов, занимающихся исследованиями интенсивных импульсных воздействий на вещество.
|
| 610 |
1 |
|
|a ударные волны
|
| 610 |
1 |
|
|a волновые профили
|
| 610 |
1 |
|
|a конденсированные вещества
|
| 610 |
1 |
|
|a ударное сжатие
|
| 610 |
1 |
|
|a деформации
|
| 610 |
1 |
|
|a разрушающие напряжения
|
| 610 |
1 |
|
|a генерация
|
| 675 |
|
|
|a 539.3:534
|v 3
|
| 701 |
|
1 |
|a Канель
|b Г. И.
|g Геннадий Исаакович
|
| 701 |
|
1 |
|a Разоренов
|b С. В.
|g Сергей Владимирович
|
| 701 |
|
1 |
|a Уткин
|b А. В.
|g Александр Васильевич
|
| 701 |
|
1 |
|a Фортов
|b В. Е.
|g Владимир Евгеньевич
|
| 801 |
|
1 |
|a RU
|b 63413507
|c 20080507
|g PSBO
|
| 801 |
|
2 |
|a RU
|b 63413507
|c 20150519
|g RCR
|
| 942 |
|
|
|c BK
|